|
|
|
|
| LEADER |
00000cam a22000004a 4500 |
| 001 |
musev2_45313 |
| 003 |
MdBmJHUP |
| 005 |
20230905044734.0 |
| 006 |
m o d |
| 007 |
cr||||||||nn|n |
| 008 |
960625s1997 inu o 00 0 eng d |
| 020 |
|
|
|a 9780268079826
|
| 020 |
|
|
|z 9780268008215
|
| 020 |
|
|
|z 9780268079833
|
| 020 |
|
|
|z 9780268022525
|
| 035 |
|
|
|a (OCoLC)966869127
|
| 040 |
|
|
|a MdBmJHUP
|c MdBmJHUP
|
| 100 |
1 |
|
|a Fleet, Michael.
|
| 245 |
1 |
4 |
|a The Catholic Church and Democracy in Chile and Peru /
|c Michael Fleet and Brian H. Smith.
|
| 264 |
|
1 |
|a Notre Dame, Ind. :
|b University of Notre Dame Press,
|c 1997.
|
| 264 |
|
3 |
|a Baltimore, Md. :
|b Project MUSE,
|c 2017
|
| 264 |
|
4 |
|c ©1997.
|
| 300 |
|
|
|a 1 online resource (392 pages).
|
| 336 |
|
|
|a text
|b txt
|2 rdacontent
|
| 337 |
|
|
|a computer
|b c
|2 rdamedia
|
| 338 |
|
|
|a online resource
|b cr
|2 rdacarrier
|
| 500 |
|
|
|a "A title from the Helen Kellogg Institute for International Studies"--Preliminary page.
|
| 505 |
0 |
|
|a Preface; Introduction; Chapter 1: Church and Society in Theoretical Perspective; Chapter 2: The Chilean Church: A Historical Overview; Chapter 3: The Peruvian Church: A Historical Overview; Chapter 4: The Chilean Church and the Transition to Democracy; Chapter 5: Chile's Consolidation of Democracy; Chapter 6: The Church and the Transition to Civilian Rule in Peru; Chapter 7: The Church and the Consolidation of Democracy in Peru; Chapter 8: Conclusions; Appendix; Notes; Bibliography; Index
|
| 588 |
|
|
|a Description based on print version record.
|
| 610 |
2 |
7 |
|a Catholic Church.
|2 fast
|0 (OCoLC)fst00531720
|
| 610 |
2 |
6 |
|a Église catholique
|x Histoire
|y 20e siecle.
|
| 610 |
2 |
0 |
|a Catholic Church
|z Chile
|x History
|y 20th century.
|
| 610 |
2 |
0 |
|a Catholic Church
|z Peru
|x History
|y 20th century.
|
| 650 |
|
7 |
|a Democracy
|x Religious aspects
|x Catholic Church.
|2 fast
|0 (OCoLC)fst00890099
|
| 650 |
|
7 |
|a Church and social problems.
|2 fast
|0 (OCoLC)fst00860491
|
| 650 |
|
7 |
|a RELIGION / Christianity / Catholic
|2 bisacsh
|
| 650 |
|
6 |
|a Église et problemes sociaux
|z Chili
|x Histoire
|y 20e siecle.
|
| 650 |
|
6 |
|a Église et problemes sociaux
|z Perou
|x Histoire
|y 20e siecle.
|
| 650 |
|
0 |
|a Democracy
|x Religious aspects
|x Catholic Church
|x History
|y 20th century.
|
| 650 |
|
0 |
|a Church and social problems
|z Chile
|x History
|y 20th century.
|
| 650 |
|
0 |
|a Church and social problems
|z Peru
|x History
|y 20th century.
|
| 651 |
|
7 |
|a Peru.
|2 fast
|0 (OCoLC)fst01205190
|
| 651 |
|
7 |
|a Chile.
|2 fast
|0 (OCoLC)fst01205362
|
| 651 |
|
0 |
|a Chile
|x Church history
|y 20th century.
|
| 651 |
|
0 |
|a Peru
|x Church history
|y 20th century.
|
| 655 |
|
7 |
|a History.
|2 fast
|0 (OCoLC)fst01411628
|
| 655 |
|
7 |
|a Church history.
|2 fast
|0 (OCoLC)fst01411629
|
| 655 |
|
7 |
|a Electronic books.
|2 local
|
| 700 |
1 |
|
|a Smith, Brian H.,
|d 1940-
|
| 710 |
2 |
|
|a Helen Kellogg Institute for International Studies.
|
| 710 |
2 |
|
|a Project Muse.
|e distributor
|
| 830 |
|
0 |
|a Book collections on Project MUSE.
|
| 856 |
4 |
0 |
|z Texto completo
|u https://projectmuse.uam.elogim.com/book/45313/
|
| 945 |
|
|
|a Project MUSE - Custom Collection
|
| 945 |
|
|
|a Project MUSE - Archive Complete Supplement V
|
| 945 |
|
|
|a Project MUSE - Archive History Supplement V
|
| 945 |
|
|
|a Project MUSE - Archive Latin American and Caribbean Studies Supplement IV
|